Essentials of psychological testing.

שמור ב:
מידע ביבליוגרפי
מחבר ראשי: Cronbach, Lee J. (autor)
פורמט: ספר
שפה:אנגלית
נושאים:
תגים: הוספת תג
אין תגיות, היה/י הראשונ/ה לתייג את הרשומה!

MARC

LEADER 00000cam^a2200000uu^4500
001 000474275
005 20250521000000.0
008 050901s1970^^^^^^^^^^^^rd^r^^000^0^eng^d
009 20260310124734.711
035 |a FCE 000017132 
035 |a FCE 016610 
037 |a Acervo ITESO - Biblioteca 
041 |a eng 
082 0 4 |a 370.46  |b C262e 
100 |a Cronbach, Lee J.  |e (autor) 
245 1 0 |a Essentials of psychological testing. 
264 |a Estados Unidos :  |b Harper & Row,  |c 1970. 
300 |a 752 p. 
336 |a texto  |b txt  |2 rdacontenido 
337 |a sin mediación  |b n  |2 rdamedio 
338 |a volumen  |b nc  |2 rdasoporte 
649 |a XX 
650 |a Psicopedagogía 
650 |a Teoría 
650 |a Test educativo 
650 |a Psicometría 
650 |a Evaluación psicológica 
650 |a Elaboración de pruebas 
650 |a Prueba psicológica 
910 |a Fondo Centro de Estudios Educativos 
920 |a Impresos - Libros 
930 |a Fondos Especiales 
905 |a 133 
901 |a ALE016610  |b IT2  |c CEE  |u 20250521 
902 |a https://opac.biblio.iteso.mx/vufind/Record/000474275